La cuestión étnica

Պահպանված է:
Մատենագիտական մանրամասներ
Ձևաչափ: Տեքստ
Խորագրեր:
Ցուցիչներ: Ավելացրեք ցուցիչ
Չկան պիտակներ, Եղեք առաջինը, ով նշում է այս գրառումը!

MARC

LEADER 00000 a a2200000 04500
001 8529
003
040
245 |a La cuestión étnica  
650 |a IDENTIDAD CULTURAL  
650 |a PLURALISMO CULTURAL  
650 |a POBLACION INDIGENA  
650 |a GRUPOS ETNICOS  
650 |a DEMOCRACIA  
650 |a GUATEMALA  
773 |g volumen 7, número 53; páginas 31-42  
999 |c 31506  |d 31506